Sete Categorias - Geografia I - Statistics

Estatísticas Gerais
  • Esse quiz foi jogado 128 vezes
  • A pontuação média é 3 de 20
Estatísticas das Respostas
Questão Resposta % Correto
Em que país se pode visitar as cidades de Antananarivo, Fianarantsoa e Mahajanga? Madagascar
66%
A que cordilheira pertence a montanha Aconcágua? Andes
52%
Aparecendo na bandeira do país, qual é a árvore nacional do Líbano? Cedro
36%
Que língua foi elaborada por Ludwig Zamenholf, com o objetivo de ser utilizada e compreendida internacionalmente? Esperanto
26%
Que país europeu tem 39 fronteiras terrestres únicas apesar de apenas ter 4 países vizinhos? Bélgica
21%
Qual a ilha mais populosa do mundo? Java
19%
Que deserto africano com cerca de 900.000 km² ocupa partes de Angola, Botswana, Namíbia e África do Sul? Kalahari
18%
O campeão de xadrez Tigran Petrosyan, o romancista William Saroyan e São Gregório, o Iluminador são retratados em notas dramáticas emitidas em 2018 por que nação? Arménia
13%
Em que país se situa a Costa dos Esqueletos, conhecida pela enorme quantidade de ossos de baleia e destroços de embarcações naufragadas? Namíbia
12%
As mulheres-girafa, parte da etnia Karenni, são originárias de que país? Myanmar
10%
Qual é o maior país produtor e exportador de cacau do mundo? Costa do Marfim
9%
Que país asiático tem apenas 26km (16 milhas) de costa, no Golfo de Aqaba, no seu extremo sudoeste? Jordânia
9%
A Ligação de King Fahd é uma série de pontes que ligam a Arábia Saudita a que outro país? Bahrain
8%
Segundo as lendas, que vulcão em escudo, um dos mais ativos do mundo, localizado na ilha do Hawai é o lar da deusa Pelé? Kilauea
5%
Que país decidiu adotar o slogan 'Very Nice' como slogan oficial da sua campanha turística em 2020? Cazaquistão
4%
Que estreito separa a ilha da Sicília da Itália continental? Estreito de {Messina}
4%
Nos arredores de que cidade podemos visitar as ruínas arqueológicas de Angkor Wat? Siem Reap
4%
Que antigo nome para China aparece no nome de uma companhia aérea de Hong Kong? Catai
1%
As ilhas de Skye e Lewis and Harris são as maiores de que vasto arquipélago ao largo da costa oeste da Escócia? Ilhas {Hébridas}
1%
Irtysh, o maior rio afluente do mundo, desagua em que rio asiático? Ob
1%
Nenhum quiz correspondente encontrado
Distribuição das Pontuações
Porcentagem de Pessoas com Cada Pontuação
Percentil de Números Respondidos
Sua Pontuação Histórica
Você não jogou esse quiz